Sharḥ ʻalá al-Fiqh al-akbar lil-imām Abī Ḥanīfah al-Nuʻmān ibn Thābit al-Kūfī

محفوظ في:

المؤلف الرئيسي: Qārī al-Harawī, ʻAlī ibn Sulṭān Muḥammad, -1605 or 1606.

التنسيق: كتاب

اللغة: Undetermined

منشور في: Miṣr Muṣṭafá al-Bābī al-Ḥalabī 1955.

الموضوعات:

الوسوم: إضافة وسم

لا توجد وسوم, كن أول من يضع وسما على هذه التسجيلة!

رقم الطلب: KBP300 .A272 A34537 1955

LEADER 00593nam a2200157Ia 4500
008 231106s9999||||xx |||||||||||||| ||und||
050 4 |a KBP300 .A272 A34537 1955 
100 1 |a Qārī al-Harawī, ʻAlī ibn Sulṭān Muḥammad, -1605 or 1606. 
245 1 0 |a Sharḥ ʻalá al-Fiqh al-akbar lil-imām Abī Ḥanīfah al-Nuʻmān ibn Thābit al-Kūfī  
264 1 |a Miṣr   |b Muṣṭafá al-Bābī al-Ḥalabī   |c 1955. 
300 |a 200 p.   |c 24 cm. 
504 |a al-Ṭabʻah 2. 
650 4 |a Abū Ḥanīfah, -767 or 768. 
650 4 |a Fiqh al-akbar (Abū Ḥanīfah). 
942 |2 lcc  |c BK 
999 |c 54991  |d 54991